000 00530nam a22001697a 4500
005 20240910135424.0
008 240910b |||||||| |||| 00| 0 eng d
020 _a0409050466
041 _aEnglish
082 _a346.7 REI
100 _lEnglish
245 _aGeneral Principles of Insurance /
_cMFB Reinecke and SWJ van der Merwe
260 _aDurban:
_bButterworth and Publishers (Pty) Ltd,
_c1989
300 _bvii, 323 pages;
_c25 cm.
650 _aLegal practice
_bLaw
942 _cBK
_6ALISON_BN_VRIES
999 _c3039
_d3039